| 000 | 00515nam a22001457a 4500 | ||
|---|---|---|---|
| 082 | _a200 | ||
| 100 |
_aWaseem, Muhammad _9123037 |
||
| 245 |
_aDesign & Development of Single Layer Corporate Fed Monopulse Planar Array Antenna / _cMuhammad Waseem |
||
| 264 |
_aIslamabad. _bSEECS NUST; _c2024 |
||
| 300 |
_a56,p; _bill; _c30,cm; |
||
| 650 |
_aMS-Electrical Engineering _923567 |
||
| 700 |
_aSupervisor:Dr. NOSHERWAN SHOAIB _996841 |
||
| 856 | _uhttp://10.250.8.41:8080/xmlui/handle/123456789/43213 | ||
| 942 |
_2ddc _cTHE |
||
| 999 |
_c609365 _d609365 |
||